000 00601nam a22001937a 4500
005 20250624124922.0
010 _aENG-145524
020 _c300.00
_a9789389658347
035 _aEN-129056
037 _bDBAD/PUB
082 _a338.10954
100 _aPonnarasu, S
_982288
245 _aFarmer Sucides In Tamilnadu /
_cS.Ponnarasu
250 _a1
260 _aTamil Nadu
_bShanlax Publication
_c2017
270 _bTamil Nadu
_a61,66 T.P.K. Main Road Vasantha Nagar Madurai
_e625003
_k04524208765
_k7639303383
300 _a219 .p
_c21cm(pbk)
942 _2ddc
_cEN
_h338.10954
_mPON
999 _c211920
_d211920